000 00357nam a2200157Ia 4500
008 210210b1926 xxu||||| |||| 00| 0 eng d
041 _aeng
082 _a881/31
100 _aHARADATTASURI
245 _aRAghava naishadhiya
260 _aBombay
_b-
_c1926
650 _aRAghava
650 _anaishadhiya
690 _aSanskrit Poetry
906 _a024203
999 _c149550
_d149550